Govt. of
Madhya Pradesh

Normal view MARC view

Entry Personal Name

Number of records used in: 1

001 - CONTROL NUMBER

  • control field: 37112

003 - CONTROL NUMBER IDENTIFIER

  • control field: OSt

005 - DATE AND TIME OF LATEST TRANSACTION

  • control field: 20160206133537.0

008 - FIXED-LENGTH DATA ELEMENTS

  • fixed length control field: 160206|| aca||aabn | a|a d

040 ## - CATALOGING SOURCE

  • Original cataloging agency: OSt
  • Transcribing agency: OSt

100 ## - HEADING--PERSONAL NAME

  • Personal name: विमला सुश्री डा

670 ## - SOURCE DATA FOUND

  • Source citation: Work cat.: (OSt)26855: विमला सुश्री डा , सायण तथा दयानन्‍द के वेद भाष्‍यों का तुलनात्‍मक अध्‍ययन , 1974